00597nam a22002057a 450000500170000001000130001702000220003003500130005203700160006504000120008108200130009310000140010624500810012026000490020127000420025030000330029265000120032565000510033770000030038820170124110237.0 aB-107728 c00.00a0074639404 aB-107728 bCen Lib/Ret aDPLbEN a574bLAL aLal, S.B. aComplete biology :cby S.B.Lalbfor medical college entrance examinations / aNew DelhibTata McGraw Hill Publishingc2003 a7,West Patel NagarbNew Delhie110008 axii,1684p. :b23cm(Hb)cill. aBiology aBiology-medical college entrance examinations